000 00313nam a22001097a 4500
008 230606b xxu||||| |||| 00| 0 eng d
082 _a338.96762
245 _aKenya
_bPolicies for Prosperity
_cOxford University Press
260 _aUnited States
_bOxford University Press Inc
_c2010
300 _a428 p
942 _2ddc
_cBK
999 _c544
_d544